| 000 | 00451nam a2200193Ia 4500 | ||
|---|---|---|---|
| 003 | 0100 | ||
| 008 | 130303s9999 xx 000 0 und d | ||
| 040 | _cARRUPELIB | ||
| 050 | _aJC11.V35 1999 | ||
| 100 | _aMartin Van Creveld | ||
| 245 | 4 | _aThe rise and decline of the State | |
| 260 | _aCambridge | ||
| 260 | _bUniversity press | ||
| 260 | _C1999 | ||
| 300 | _a435p.24cm | ||
| 650 | _bReasoning | ||
| 700 | _aMartin Van Creveld | ||
| 942 | 0 | 0 | _01 |
| 999 |
_c12951 _d12951 |
||